Manuscript culture in Renaissance Italy

Bibliographic Details
Main Author: Richardson, Brian (Author)
Format: Book
Language:English
PhysicalDescription:317 s. faks., ilustr. 23 cm
Published: Cambridge Cambridge University Press 2014
ISBN:9781107425521
Edition:1st ed.
Subjects:

MARC

LEADER 00000nam a2200000 a 4500
001 vtls010625430
003 SK-MaSNL
005 20260301093823.0
008 240315s2014 xxkha f 001 0deng
020 |a 9781107425521  |q (brož.) 
040 |a SNK  |b slo  |c SNK  |e AACR2 
041 0 |a eng 
044 |a xxk  |c GB 
072 7 |a 09  |x Rukopisy, prvotlače, staré tlače. Vzácne a pozoruhodné diela  |2 konspekt 
080 |a 091  |2 2001 
080 |a 821.131.1  |2 2001 
080 |a (450)  |2 2001 
080 |a (048.8.)  |2 2001 
100 1 |a Richardson, Brian  |4 aut  |9 426731 
245 1 0 |a Manuscript culture in Renaissance Italy  |c Brian Richardson 
250 |a 1st ed. 
260 |a Cambridge  |b Cambridge University Press  |c 2014 
300 |a 317 s.  |b faks., ilustr.  |c 23 cm 
648 7 |a 15.-16. stor.  |2 SNKPH  |9 295337 
648 7 |a 15th-16th centuries  |2 SNKPHeng  |9 318353 
650 0 7 |a rukopisy  |2 SNKPH  |9 1788 
650 0 7 |a talianska literatúra  |2 SNKPH  |9 1215 
650 0 7 |a Manuscripts  |2 SNKPHeng  |9 298503 
650 0 7 |a Italian literature  |2 SNKPHeng  |9 307832 
651 7 |a Taliansko  |2 SNKPH  |9 21019 
651 7 |a Italy  |2 SNKPHeng  |9 286419 
655 7 |a monografie  |2 SNKPH  |9 70139 
655 7 |a Monographs  |2 SNKPHeng  |9 120675 
919 |a 978-1-107-42552-1 
999 |c 678273  |d 680203 
952 |a SNK  |b SNK  |y VYP  |7 0  |p 17A1113928  |o snkIC 140823  |i snk2014/20263  |8 3  |g 31.88  |0 0  |1 0  |4 0  |d 2014-10-01  |l 0  |r 2026-02-23 19:48:22  |w 2026-02-23